Bir Babanın Kalbi (Record no. 1272300)
[ view plain ]
| 000 -LEADER | |
|---|---|
| sabit uzunluktaki kontrol alanı | 00272nam a2200109Ia 4500 |
| 001 - KONTROL NUMARASI | |
| kontrol alanı | 1272300 |
| 005 - EN SON İŞLEMİN TARİH VE ZAMANI | |
| kontrol alanı | 20260417151425.0 |
| 008 - SABİT-UZUNLUKTA VERİ ÖĞELERİ--GENEL BİLGİ | |
| sabit uzunluktaki kontrol alanı | 260417s9999 xx 000 0 und d |
| 020 ## - ULUSLARARASI STANDART KİTAP NUMARASI | |
| Uluslararası Standart Kitap Numarası | 9786258094862 |
| 245 #0 - ESER / YAZAR | |
| ESER ADI | Bir Babanın Kalbi |
| Yazar Adı | Irena Trevisan |
| 260 ## - YAYIN, DAĞITIM, VB. | |
| YAYIN EVİ | Ketebe Çocuk |
| Düşüm durumu | Kayıp durumu | Hasar Durumu | Ödünç verilmez | Ana kütüphane | Geçerli Kütüphane | Edinilen tarih | Toplam ödünç verme sayısı | Barkod | Son görüntüleme tarihi | Fiyatın geçerli olmaya başladığı tarih | Koha materyal türü |
|---|---|---|---|---|---|---|---|---|---|---|---|
| YAZIR FARABİ ORTAOKULU | YAZIR FARABİ ORTAOKULU | 17.04.2026 | 11092248 | 17.04.2026 | 17.04.2026 | Books |